[Event "Let's Play Chess!"]
[Site "http://www.queenalice.com/game.php?id=259177"]
[Date "2007.8.21"]
[Round "-"]
[White "stuge"]
[Black "nathanielz"]
[Result "0-1"]
[WhiteElo "1356"]
[BlackElo "1399"]

1. c4 c5 2. Nf3 Nc6 3. d4 cxd4 4. Nxd4 d6 5. e3 a6 6. Na3 Nf6 7. Nxc6 bxc6 8. b3
Bf5 9. Bd3 Qd7 10. Bb2 Ng4 11. e4 Bg6 12. O-O Bh5 13. f3 Ne3 14. Qe1 Nxf1 15.
Qxf1 e5 16. c5 Rb8 17. Bxa6 dxc5 18. Bxe5 Rd8 19. Rd1 Qxd1 20. Be2 Qxf1+ 21.
Kxf1 Be7 22. g4 Bg6 23. Bxg7 Rg8 24. Bh6 Ra8 25. Nc4 Rxa2 26. h4 f6 27. h5 Bf7
28. e5 fxe5 29. Nxe5 Bd5 30. Bd3 Bd6 31. Bxh7 Rh8 32. Bg6+ Kd8 33. Bg5+ Kc7 34.
Bf6 Rb8 35. h6 Rxb3 36. Nd3 Rb1+ 37. Ne1 Rd1 38. h7 Bxf3 39. h8=Q Bg2+ 40. Kg1
Rxe1# 0-1

[Event "Challenge"]
[Site "http://www.queenalice.com/game.php?id=259450"]
[Date "2007.8.22"]
[Round "-"]
[White "arnelsr"]
[Black "nathanielz"]
[Result "1-0"]
[WhiteElo "1583"]
[BlackElo "1300"]

1. e4 c5 2. Nf3 d6 3. Be2 Nc6 4. O-O Nf6 5. d3 e6 6. Nc3 Be7 7. Be3 O-O 8. d4
cxd4 9. Nxd4 Qc7 10. f4 Bd7 11. Bd3 a6 12. f5 Ng4 13. Qxg4 1-0

[Event "Challenge"]
[Site "http://www.queenalice.com/game.php?id=259988"]
[Date "2007.8.23"]
[Round "-"]
[White "leonardo_g_assumpcao"]
[Black "nathanielz"]
[Result "1-0"]
[WhiteElo "1458"]
[BlackElo "1462"]

1. e4 c5 2. Nf3 d6 3. c4 Bd7 4. g3 Nc6 5. a3 Nf6 6. Nc3 g6 7. Bg2 Qc7 8. Qe2 Bg7
9. Nd5 Nxd5 10. cxd5 Nd4 11. Nxd4 Bxd4 12. d3 O-O 13. O-O Rfe8 14. Rb1 Bb5 15.
b4 1-0

[Event "Challenge"]
[Site "http://www.queenalice.com/game.php?id=260097"]
[Date "2007.8.23"]
[Round "-"]
[White "alysson_wander"]
[Black "nathanielz"]
[Result "0-1"]
[WhiteElo "1242"]
[BlackElo "1527"]

1. d3 e5 2. f3 Nc6 3. c4 Bc5 4. e3 Nge7 5. a4 d5 6. Nc3 Bb4 7. Qd2 O-O 8. Nb5
Bxd2+ 9. Kxd2 dxc4 10. Ra3 f5 11. g3 e4 12. fxe4 fxe4 13. Bh3 Nb4 14. a5 Nxd3
15. Nc3 Nf2+ 16. Ke2 Nxh1 17. Bg2 Rf2+ 18. Ke1 Rxg2 19. Nxe4 Rxg1+ 20. Ke2 Bg4#
0-1

[Event "Challenge"]
[Site "http://www.queenalice.com/game.php?id=262712"]
[Date "2007.8.28"]
[Round "-"]
[White "mogerio"]
[Black "nathanielz"]
[Result "1-0"]
[WhiteElo "1294"]
[BlackElo "1524"]

1. e4 c5 2. d4 cxd4 3. Qxd4 Nc6 4. Qd1 Nf6 5. Nc3 d6 6. Nf3 g6 7. Bc4 Bg7 8. O-O
O-O 9. Na4 Nxe4 10. Nd2 Bf5 11. g4 Be6 12. Bxe6 Nxd2 13. Qxd2 fxe6 14. f4 Qd7
15. f5 exf5 16. c3 fxg4 17. Qd5+ e6 18. Qd1 Be5 19. Bh6 Rf7 20. Re1 b5 21. Rf1
bxa4 22. Rf2 Rxf2 23. Kxf2 Qf7+ 24. Ke2 Rd8 25. Qd2 Bxh2 26. Rf1 Qb7 27. c4 g3
28. Qf4 Qxb2+ 29. Ke1 Qb1+ 30. Ke2 Qf5 31. Qxf5 Nd4+ 32. Ke3 Nxf5+ 33. Kf3 Nxh6
34. a3 Rf8+ 35. Ke2 g2 36. Rxf8+ Kxf8 37. Kd2 g1=Q 38. Kd3 Nf5 39. c5 Qe3+ 40.
Kc2 Nd4+ 41. Kd1 1-0

[Event "Let's Play Chess!"]
[Site "http://www.queenalice.com/game.php?id=274664"]
[Date "2007.9.20"]
[Round "-"]
[White "Kronista"]
[Black "nathanielz"]
[Result "1-0"]
[WhiteElo "1802"]
[BlackElo "1537"]

1. e4 e5 2. Nf3 Nc6 3. Bb5 a6 4. Ba4 b5 5. Bb3 Nf6 6. O-O Nxe4 7. Re1 d5 8. d3
Nf6 9. Nxe5 Nxe5 10. Bf4 Bd6 11. Bxe5 O-O 12. Bxd6 Qxd6 13. Nd2 c5 14. c3 Bf5
15. d4 c4 16. Bc2 Bxc2 17. Qxc2 Ng4 18. Nf3 Rfe8 19. Qf5 Re6 20. Qxg4 Rg6 21.
Qh4 Rh6 22. Qe7 Qxe7 23. Rxe7 Kf8 24. Rae1 Re6 25. R1xe6 fxe6 26. Rxe6 Re8 27.
Rxe8+ Kxe8 28. Ng5 h6 29. Ne6 Kf7 30. Nc7 a5 31. Nxd5 1-0

[Event "Let's Play Chess!"]
[Site "http://www.queenalice.com/game.php?id=276482"]
[Date "2007.9.24"]
[Round "-"]
[White "nathanielz"]
[Black "Alcar"]
[Result "1-0"]
[WhiteElo "1481"]
[BlackElo "1749"]

1. d4 d5 2. c4 Nf6 3. e3 e6 4. Nc3 Bb4 5. Bd2 Bxc3 6. Bxc3 Nc6 7. Nf3 O-O 8. Bd3
Re8 9. O-O e5 10. dxe5 Ne4 11. Nd2 Bf5 12. f3 Bg6 13. fxe4 dxe4 14. Nxe4 Nxe5
15. Bxe5 Rxe5 16. Qc2 c6 17. Rad1 Qe7 18. Rf4 h6 19. Rdf1 Rf8 20. R1f3 f5 21.
Ng3 Rxe3 22. Nxf5 Rxf3 23. Nxe7+ Kh8 24. Nxg6+ Kg8 25. Rxf8+ Rxf8 26. Nxf8 Kxf8
27. Qf2+ 1-0

[Event "Let's Play Chess!"]
[Site "http://www.queenalice.com/game.php?id=276483"]
[Date "2007.9.24"]
[Round "-"]
[White "kako"]
[Black "nathanielz"]
[Result "1-0"]
[WhiteElo "1856"]
[BlackElo "1462"]

1. d4 d5 2. Nc3 Nc6 3. Bf4 Nf6 4. Nb5 e5 5. dxe5 Nh5 6. e3 g5 7. Qxh5 gxf4 8.
exf4 Bd7 9. Nf3 Qe7 10. Nxc7+ Kd8 11. Nxa8 1-0

[Event "Let's Play Chess!"]
[Site "http://www.queenalice.com/game.php?id=276484"]
[Date "2007.9.24"]
[Round "-"]
[White "kako"]
[Black "nathanielz"]
[Result "1-0"]
[WhiteElo "1768"]
[BlackElo "1534"]

1. d4 Nf6 2. d5 c6 3. c4 d6 4. dxc6 Nxc6 5. Nf3 e5 6. Nc3 Be7 7. Nd5 Nxd5 8.
cxd5 Nb4 9. e4 O-O 10. a3 Na6 11. Be2 f5 12. exf5 Bxf5 13. O-O Rc8 14. Be3 Rc2
15. b4 Bg6 16. Nd2 Nc7 17. Nb1 Qe8 18. Bc1 1-0

[Event "Let's Play Chess!"]
[Site "http://www.queenalice.com/game.php?id=276485"]
[Date "2007.9.24"]
[Round "-"]
[White "nathanielz"]
[Black "chapichapo"]
[Result "0-1"]
[WhiteElo "1493"]
[BlackElo "1762"]

1. e4 e5 2. Nf3 Nf6 3. Nxe5 Nxe4 4. Qf3 Qe7 5. Qxe4 d6 6. d4 g6 7. Bd3 dxe5 8.
dxe5 Nc6 9. f4 Bf5 10. Qc4 Bxd3 11. Qxd3 Rd8 12. Qb5 Qb4+ 13. Qxb4 Nxb4 14. Na3
Bc5 15. c3 Nd3+ 16. Kf1 Nxc1 17. Rxc1 Be3 18. Re1 Bxf4 19. Nc4 h5 20. e6 fxe6
21. Rxe6+ Kf7 22. Re4 Rd1+ 23. Re1 Rhd8 24. Ke2 Rxe1+ 25. Rxe1 Bxh2 26. Rd1 Re8+
27. Kf3 g5 28. Rd7+ Kg6 29. g4 hxg4+ 30. Kxg4 Re4+ 31. Kh3 Rxc4 32. Kxh2 b5 33.
Kg3 a5 34. Rd5 c6 35. Rd4 Rxd4 36. cxd4 Kf5 37. a3 Ke4 38. Kg4 Kxd4 39. Kxg5 Kc4
40. Kf5 Kb3 41. Ke5 Kxb2 42. Kd6 Kxa3 43. Kxc6 b4 44. Kb5 b3 45. Kc4 b2 0-1

[Event "Let's Play Chess!"]
[Site "http://www.queenalice.com/game.php?id=276486"]
[Date "2007.9.24"]
[Round "-"]
[White "lucianovdemelo"]
[Black "nathanielz"]
[Result "0-1"]
[WhiteElo "1477"]
[BlackElo "1514"]

1. d4 Nf6 2. c4 g6 3. Nc3 d5 4. Nf3 Bf5 5. Bg5 Bg7 6. e3 O-O 7. Bd3 Qd7 8. Bxf5
Qxf5 9. O-O c6 10. Qc2 Qxc2 11. Ne5 Qxb2 12. Rfc1 Qb4 13. c5 b6 14. cxb6 axb6
15. Bxf6 Bxf6 16. g3 Qd6 17. f4 Nd7 18. Kg2 c5 19. dxc5 Nxc5 20. Nb5 Qb8 21. h4
Bxe5 22. fxe5 Qxe5 23. Kh3 Qxe3 24. Re1 Qd3 25. Nc7 Ra3 26. Rg1 Ne4 27. Nxd5
Qxd5 28. Rad1 Rxg3+ 29. Rxg3 Qxd1 30. Re3 f5 31. a3 Qh1# 0-1

[Event "Let's Play Chess!"]
[Site "http://www.queenalice.com/game.php?id=276487"]
[Date "2007.9.24"]
[Round "-"]
[White "nathanielz"]
[Black "lucianovdemelo"]
[Result "1-0"]
[WhiteElo "1461"]
[BlackElo "1487"]

1. e4 e5 2. Nf3 Nc6 3. Bb5 Nf6 4. Nc3 Bc5 5. O-O d6 6. d4 exd4 7. Nxd4 Bg4 8. f3
Bh5 9. Kh1 Qd7 10. Nxc6 bxc6 11. Ba4 O-O 12. Nd5 Nxd5 13. exd5 Qe7 14. Re1 Qf6
15. Bxc6 Rab8 16. Rb1 Bg6 17. a3 Rb6 18. b4 Bf2 19. Re2 Bd4 20. Rb2 Bxb2 21. c4
Bxc1 22. Qxc1 Bd3 23. Re3 Qd4 24. Qe1 Qxc4 25. Re8 Rxe8 26. Qxe8# 1-0

[Event "Let's Play Chess!"]
[Site "http://www.queenalice.com/game.php?id=282138"]
[Date "2007.10.6"]
[Round "-"]
[White "nathanielz"]
[Black "stuge"]
[Result "0-1"]
[WhiteElo "1555"]
[BlackElo "1341"]

1. e4 e5 2. Nf3 Nc6 3. Bb5 Nf6 4. O-O Nxe4 5. Re1 d5 6. d3 Nd6 7. Nxe5 Be7 8.
Nxc6 Bd7 9. Nxd8 Bxb5 10. Nxf7 Nxf7 11. Qe2 O-O 12. Qxe7 Rae8 13. Qb4 c6 14. Nc3
Rxe1# 0-1

[Event "Let's Play Chess!"]
[Site "http://www.queenalice.com/game.php?id=282139"]
[Date "2007.10.6"]
[Round "-"]
[White "yndy"]
[Black "nathanielz"]
[Result "1-0"]
[WhiteElo "1433"]
[BlackElo "1487"]

1. e4 c5 2. Nc3 d6 3. Bc4 Nf6 4. d4 cxd4 5. Qxd4 Nc6 6. Qd2 Qc7 7. Nge2 e6 8.
O-O Be7 9. h3 O-O 10. a3 e5 11. Nd5 Nxd5 12. Bxd5 Kh8 13. Ng3 Bh4 14. Qe3 Nd4
15. Qc3 Qb6 16. Be3 Bxg3 17. Bxd4 exd4 18. Qxg3 Kg8 19. Rfd1 Be6 20. Bxe6 fxe6
21. Rf1 e5 22. Qb3+ Qxb3 23. cxb3 Rac8 24. Rab1 Rc2 25. b4 d3 26. f3 Rf4 27. Kh2
1-0